| 000 | 00497nam a22001817a 4500 | ||
|---|---|---|---|
| 003 | CEME | ||
| 005 | 20210628202548.0 | ||
| 008 | 210122b xxu||||| |||| 00| 0 eng d | ||
| 020 | _a81-297-0686-5 | ||
| 040 | _c. | ||
| 082 | _a621.382 STE | ||
| 100 |
_aStern, Harold .P.E Mahmoud, Samy .A _960501 |
||
| 245 | _aCommunication systems analysis and design | ||
| 260 |
_aNEW DELHI _bPEARSON EDUCATION _c2004 |
||
| 300 | _aXVIII,530 P | ||
| 650 |
_aCOMMUNICATION SYSTEMS _960502 |
||
| 942 |
_cBK _2ddc |
||
| 999 |
_c570207 _d570207 |
||